000 00505nam a2200193Ia 4500
008 220204s9999 xx 000 0 und d
082 _a581.132
_bHES.1
100 _aHESKETH, J D
245 0 _aPredicting photosynthesis for ecosystem models
260 _aFlorida
_bCRC Press
_c1980
650 _aCanopy
650 _aLeaf photosynthesis
650 _aModel photosynthesis
650 _aModelling
650 _aPhotosynthesis
650 _aWater stress
700 _aJONES, James W
942 _cBK
999 _c37314
_d37314